| 000 | 00674nam a22002177a 4500 | ||
|---|---|---|---|
| 999 |
_c7400 _d7400 |
||
| 001 | 7400 | ||
| 003 | BD-JhCC | ||
| 005 | 20180208171922.0 | ||
| 008 | 180208s1991 ||||| |||| 00| 0 d | ||
| 035 | _a(BD-JhCC)7400 | ||
| 040 |
_aBD-JhCC _dBD-JhCC |
||
| 041 | _aben | ||
| 082 |
_a355.42595492 _bSAY 1991 |
||
| 100 | _aসায়ীদ আবু | ||
| 245 |
_aবাংলাদেশের গেরিলা যুদ্ধ / _cআবু সায়ীদ |
||
| 260 |
_aঢাকা : _bমুক্তধারা, _c১৯৯১. |
||
| 300 |
_a১১১ পৃ. : _c২২ সেমি. |
||
| 650 |
_aGuerilla War _zBangladesh |
||
| 942 |
_2ddc _cBK |
||